| 000 | 00368nam a2200145Ia 4500 | ||
|---|---|---|---|
| 008 | 150201s2003 xx 000 0 und d | ||
| 082 |
_a614.42 _bH2003C |
||
| 100 | _aCHALKLEY,A.M. | ||
| 245 | 2 | _aA TEXTBOOK FOR THE HEALTH WORKER | |
| 250 | _a1ST | ||
| 260 |
_bNEW AGE INTERNATIONAL PUBLISHERS _aDELHI _c2003 |
||
| 300 | _a1-350 | ||
| 650 | _aNURSING | ||
| 942 |
_2ddc _cBK |
||
| 999 |
_c3940 _d3940 |
||